000 01273pab a2200181 454500
008 180718b2001 xxu||||| |||| 00| 0 eng d
100 _aJafa, Y.S.
245 _aChallenges for police in the 21st century
260 _c2001
300 _ap.96-105.
362 _aJan-Mar
520 _aThe emerging social, economic and cultural milieu have thrown up challenges of a newer kind before the police administration of the country. Its task is no more confined to maintaining law and order. It encompasses now a greater responsibility of coping with the awareness and fostering the new social order in more responsive and humane way. Latest advancements in technology and pace of communication call for bracing up of the resources and forces. The author, a seasoned and experienced police officer, lists the major ills in the set up, behaviour, organisation and preparedness of the law enforcing agency. He outlines the factors that have tarnished the image and effectiveness of this important arm of civil administration and suggests in details various measures required to overcome the present inadequacies. - Reproduced
650 _aPolice - 21st century
650 _aPolice
773 _aIndian Journal of Public Administration
908 _aN
909 _a50109
999 _c50109
_d50109